000 00681nam a2200217Ii 4500
003 JO-AjNU
008 230605s9999||||xx |||||||||||||| ||und||
017 _a1980/3313
020 _a977-247-7330-57
040 _aJO-AjNU
_bara
_erda
_cJO-AjNU
041 _aara
050 1 4 _aBP134.1980
100 3 _aالطويل، السيد رزق,
_eauthor
_913737
245 0 0 _aبنو إسرائيل في القرآن: تاريخ وتحقيق
264 3 1 _aالقاهرة: دار المعارف، 1980
300 _a159ص
336 _atext
_btxt
_2rdacontent
337 _aunmediated
_bn
_2rdamedia
338 _avolume
_bnc
_2rdacarrier
650 4 _aاليهود في القران
_913738
999 _aA3497
_c7065
_d7065